春秋末期各国略图 Main countries in the late Spring and Autumn period map - Statistics

General Stats
  • This quiz has been taken 224 times
  • The average score is 12 of 14
Answers on the Map
Answers color-coded by a green-red scale on the quiz's map according to % correct below.
 
Answer Stats
国家 % Correct
100%
99%
99%
98%
97%
95%
94%
93%
85%
78%
77%
59%
53%
24%
No matching quizzes found
Score Distribution
Percent of People with Each Score
Percentile by Number Answered
Your Score History
You have not taken this quiz